000 00901cab a2200289 4500
001 ABS47831
008 090401t1993 xxu||||| |||| 00| 0 eng d
035 _a(Sirsi) u63564
041 _aeng
100 _aHopkin, W.J.
245 _aSSSIs - positive action for the future
260 _c1993
350 _a0
490 _aCS Monthly : Rural Practice
_v2(5) February 1993, 13 (1)
520 _aExplains how English Nature tries to work with the owners of land designated SSSIs to protect the land but also the interests of the land owner.
650 _aENGLISH NATURE
650 _aLAND MANAGEMENT
650 _aMENTOR
650 _aNOTIFICATION
650 _aPOTENTIALLY DAMAGING OPERATIONS
650 _aSITES OF SPECIAL SCIENTIFIC INTEREST
650 _aWILDLIFE ENHANCEMENT SCHEME
690 _aCONSERVATION
690 _aRURAL PRACTICE
942 _n0
948 _c04/03/1997
999 _c39512
_d39512